[Event "CYCC U18"]
[Site "Ottawa CAN"]
[Date "2013.07.11"]
[Round "4"]
[White "Itkin, David"]
[Black "Marinkovic, Mate"]
[Result "1/2-1/2"]
[WhiteElo "2151"]
[BlackElo "2231"]
[PlyCount "117"]
[GameId "2160767909343206"]
[EventDate "2013.07.10"]
[EventType "swiss"]
[EventRounds "6"]
[EventCountry "CAN"]
[SourceTitle "hb 2013"]

1. e4 c5 2. Nf3 e6 3. Nc3 Nc6 4. d4 cxd4 5. Nxd4 Qc7 6. Be2 a6 7. O-O Nf6 8. Kh1 Nxd4 9. Qxd4 Bc5 10. Qd3 b5 11. Bg5 Be7 12. f4 b4 13. Bxf6 Bxf6 14. e5 bxc3 15. exf6 cxb2 16. fxg7 bxa1=Q 17. Rxa1 Rg8 18. Qxh7 Rxg7 19. Qxg7 Qxc2 20. f5 Qxf5 21. Rf1 Qg6 22. Qh8+ Ke7 23. Qh4+ f6 24. Qb4+ Ke8 25. Bf3 d5 26. Qd6 Bd7 27. Re1 Rc8 28. Bxd5 Qd3 29. h3 Qc3 30. Re2 Qc1+ 31. Kh2 Qc7 32. Qxc7 Rxc7 33. Bxe6 Bb5 34. Bc4+ Kf8 35. Bxb5 axb5 36. h4 Kg7 37. Kh3 Rc3+ 38. Kg4 Rc4+ 39. Kg3 Rc3+ 40. Kf2 Kg6 41. Rb2 Ra3 42. g4 f5 43. g5 Rh3 44. Rb4 Rh2+ 45. Ke3 Rxa2 46. Rxb5 Ra3+ 47. Ke2 f4 48. Rb6+ Kf5 49. Rf6+ Ke5 50. Rf8 Rg3 51. Kf2 Rg4 52. Re8+ Kf5 53. Rf8+ Ke5 54. Rh8 Kf5 55. Rh6 Rg3 56. Rf6+ Ke5 57. Ra6 Rh3 58. Ra5+ Ke6 59. Ra6+ 1/2-1/2

[Event "CYCC U18"]
[Site "Ottawa CAN"]
[Date "2013.07.11"]
[Round "4"]
[White "Luo, Zhao Yang"]
[Black "Semianiuk, Konstantin"]
[Result "0-1"]
[WhiteElo "1943"]
[BlackElo "2304"]
[PlyCount "58"]
[GameId "2160767909343208"]
[EventDate "2013.07.10"]
[EventType "swiss"]
[EventRounds "6"]
[EventCountry "CAN"]
[SourceTitle "hb 2013"]

1. d4 d5 2. Nf3 Nf6 3. e3 e6 4. Bd3 Nbd7 5. b3 Bd6 6. Bb2 b6 7. O-O Qe7 8. Ne5 Bb7 9. Nd2 O-O 10. Qf3 Ne8 11. Qh3 f5 12. c4 Nef6 13. Rac1 Ne4 14. Ndf3 Rf6 15. Qh4 Nf8 16. Bxe4 fxe4 17. Nd2 Nd7 18. h3 Raf8 19. Nb1 Ba6 20. Rfd1 Qe8 21. Rd2 Rh6 22. Qg4 Bxe5 23. dxe5 Rg6 24. Qd1 c6 25. b4 Bb7 26. Nc3 Nxe5 27. Nxe4 Nf3+ 28. Kh1 Nxd2 29. Nxd2 Rxf2 0-1

[Event "CYCC U18"]
[Site "Ottawa CAN"]
[Date "2013.07.11"]
[Round "4"]
[White "Nasir, Pi"]
[Black "Den Bok, Daniel"]
[Result "1-0"]
[WhiteElo "1972"]
[BlackElo "1493"]
[PlyCount "151"]
[GameId "2160767909343209"]
[EventDate "2013.07.10"]
[EventType "swiss"]
[EventRounds "6"]
[EventCountry "CAN"]
[SourceTitle "EXT 2022"]
[Source "ChessBase"]
[SourceDate "2021.10.06"]
[SourceVersion "1"]
[SourceVersionDate "2021.10.06"]
[SourceQuality "1"]

1. d4 Nf6 2. Nf3 g6 3. c4 d6 4. Nc3 Bg7 5. Bf4 O-O 6. e4 c5 7. d5 Nbd7 8. Bd3 Nb6 9. Qd2 a6 10. a4 a5 11. h3 e5 12. Bh6 Bd7 13. b3 Qe7 14. Bxg7 Kxg7 15. Qg5 Rfe8 16. O-O h6 17. Qd2 Nh5 18. Nb5 Rad8 19. Qxa5 Bxb5 20. axb5 Nf4 21. Qd2 Ra8 22. Kh2 Nd7 23. g3 Nh5 24. Qe2 b6 25. Nh4 Nf4 26. Qf3 Kh7 27. Bc2 Nh5 28. Ng2 Nhf6 29. Ne3 Nf8 30. Bd3 N8d7 31. Qh1 Nf8 32. Nc2 Qd7 33. Rfb1 Qb7 34. Rb2 Rxa1 35. Qxa1 Ra8 36. Ra2 Rxa2 37. Qxa2 N8d7 38. Qa6 Qc7 39. Ne3 Kg7 40. Nd1 Nb8 41. Qa8 Kf8 42. Nc3 Ke7 43. Kg2 Qc8 44. Qa7+ Nbd7 45. Na4 Qd8 46. Kf3 Nh7 47. Ke2 Ng5 48. h4 Nh7 49. Ke1 Nhf6 50. Nc3 Qb8 51. Qxb8 Nxb8 52. Bf1 Nbd7 53. Bh3 Nf8 54. Kd2 Kd8 55. Ke3 N8d7 56. Na4 Ke7 57. f3 Kd8 58. g4 Kc7 59. g5 hxg5 60. hxg5 Nh5 61. Bxd7 Kxd7 62. Nxb6+ Kc7 63. Na4 Nf4 64. Nc3 Nh3 65. Ne2 Nxg5 66. f4 exf4+ 67. Nxf4 Nh7 68. Nd3 f6 69. Nf4 g5 70. Ne6+ Kb6 71. Kf3 Kb7 72. Kg4 Kb6 73. Kf5 Kb7 74. Kg6 Nf8+ 75. Nxf8 f5 76. Kxf5 1-0

[Event "CYCC U18"]
[Site "Ottawa CAN"]
[Date "2013.07.12"]
[Round "5"]
[White "Den Bok, Daniel"]
[Black "Florea, Alexandru"]
[Result "1/2-1/2"]
[WhiteElo "1493"]
[BlackElo "2117"]
[PlyCount "81"]
[GameId "2160767909343211"]
[EventDate "2013.07.10"]
[EventType "swiss"]
[EventRounds "6"]
[EventCountry "CAN"]
[SourceTitle "EXT 2022"]
[Source "ChessBase"]
[SourceDate "2021.10.06"]
[SourceVersion "1"]
[SourceVersionDate "2021.10.06"]
[SourceQuality "1"]

1. d4 Nf6 2. c4 e6 3. a3 d5 4. Nc3 Nbd7 5. Bg5 Be7 6. e3 O-O 7. Nf3 h6 8. Bh4 Ne4 9. Bxe7 Qxe7 10. Qc2 Nxc3 11. bxc3 c6 12. cxd5 exd5 13. c4 Nf6 14. h3 Qc7 15. Bd3 dxc4 16. Bxc4 Qa5+ 17. Qd2 Qa4 18. Qb4 Qxb4+ 19. axb4 Re8 20. O-O Be6 21. Bd3 Nd7 22. Rfc1 a6 23. Rc3 Nb6 24. Rca3 Rad8 25. Be2 f6 26. Nd2 Bd5 27. Nb3 Bxb3 28. Rxb3 Kf7 29. Rc1 f5 30. Bf3 Kf6 31. Kf1 Rd6 32. Rbc3 g6 33. g3 g5 34. Ke2 Nd5 35. Bxd5 Rxd5 36. Kd3 Rb5 37. Rb3 Ke6 38. Rc5 Kd6 39. Rxb5 cxb5 40. Rc3 b6 41. Ra3 1/2-1/2

[Event "CYCC U18"]
[Site "Ottawa CAN"]
[Date "2013.07.12"]
[Round "5"]
[White "Luo, Zhao Yang"]
[Black "Gagne, Zacharie"]
[Result "1-0"]
[WhiteElo "1943"]
[BlackElo "1185"]
[PlyCount "69"]
[GameId "2160767909343214"]
[EventDate "2013.07.10"]
[EventType "swiss"]
[EventRounds "6"]
[EventCountry "CAN"]
[SourceTitle "hb 2013"]

1. d4 d5 2. Nf3 Nf6 3. e3 Bf5 4. c4 c6 5. Nc3 e6 6. Qb3 Qc7 7. Be2 Be7 8. Bd2 Nbd7 9. Rc1 O-O 10. O-O Qb6 11. Qxb6 axb6 12. Nh4 Be4 13. f3 Bg6 14. Nxg6 fxg6 15. e4 dxe4 16. fxe4 Bb4 17. e5 Bxc3 18. Bxc3 Ne4 19. Bg4 Rfe8 20. a3 Nxc3 21. Rxc3 Rad8 22. Re3 c5 23. Rd1 Nf8 24. d5 h6 25. Bf3 Rd7 26. d6 Ra8 27. b4 Ra4 28. Rb3 g5 29. bxc5 bxc5 30. Rxb7 Rxa3 31. Rc7 Re3 32. Bc6 Ng6 33. Bxd7 Rxe5 34. Bxe6+ Rxe6 35. d7 1-0

[Event "CYCC U18"]
[Site "Ottawa CAN"]
[Date "2013.07.12"]
[Round "5"]
[White "Marinkovic, Mate"]
[Black "Zhang, Zhiyuan"]
[Result "1/2-1/2"]
[WhiteElo "2231"]
[BlackElo "1983"]
[PlyCount "94"]
[GameId "2160767909343215"]
[EventDate "2013.07.10"]
[EventType "swiss"]
[EventRounds "6"]
[EventCountry "CAN"]
[SourceTitle "hb 2013"]

1. c4 c6 2. e4 d5 3. exd5 cxd5 4. cxd5 Nf6 5. Qa4+ Nbd7 6. Nc3 g6 7. Nf3 Bg7 8. Bc4 O-O 9. d3 a6 10. Qa3 Nb6 11. Qb3 Bf5 12. Be3 Nxc4 13. dxc4 b5 14. cxb5 axb5 15. Rd1 Qa5 16. Nd4 Bd7 17. Nc2 Ne4 18. Nb4 Nxc3 19. bxc3 Rfc8 20. Bd4 Rc4 21. Bxg7 Kxg7 22. O-O Rac8 23. Rd3 Qc7 24. Qb2 Kg8 25. Rc1 Qc5 26. a3 Bf5 27. Re3 Bd7 28. h3 e6 29. Qd2 Ra8 30. Ra1 Rc8 31. Rc1 Ra8 32. dxe6 Bxe6 33. Rd3 Rxa3 34. Qh6 Qf8 35. Qg5 Rc5 36. Qf6 Rf5 37. Qd4 Rc5 38. g4 Qe7 39. Qe4 Qc7 40. Qd4 Qe5 41. Qd8+ Kg7 42. Re3 Qf6 43. Qd2 h5 44. f3 Qf4 45. Qf2 Re5 46. Rce1 Rxe3 47. Rxe3 hxg4 1/2-1/2

[Event "CYCC U18"]
[Site "Ottawa CAN"]
[Date "2013.07.12"]
[Round "5"]
[White "Nasir, Pi"]
[Black "Itkin, David"]
[Result "0-1"]
[WhiteElo "1972"]
[BlackElo "2151"]
[PlyCount "126"]
[GameId "2160767909343216"]
[EventDate "2013.07.10"]
[EventType "swiss"]
[EventRounds "6"]
[EventCountry "CAN"]
[SourceTitle "hb 2013"]

1. d4 g6 2. Nf3 Bg7 3. c4 d6 4. g3 Nf6 5. Bg2 O-O 6. O-O Nc6 7. Nc3 Bf5 8. Nh4 Bd7 9. b3 Nh5 10. e3 e5 11. d5 Ne7 12. Bb2 f5 13. Nf3 Kh8 14. Ng5 Qc8 15. Re1 h6 16. Nf3 Ng8 17. Nh4 Be8 18. Bf3 Nhf6 19. Qc2 Ne7 20. Bh1 g5 21. Ng2 Nh5 22. f4 Ng6 23. Ne2 Rg8 24. Rf1 gxf4 25. exf4 Bd7 26. Rad1 a5 27. Qd3 Qb8 28. Qf3 Nf6 29. fxe5 Nxe5 30. Bxe5 dxe5 31. Ne3 Qa7 32. Qf2 Bf8 33. d6 Bxd6 34. Rxd6 cxd6 35. Nxf5 Qxf2+ 36. Rxf2 Ng4 37. Nxd6 Nxf2 38. Kxf2 Raf8+ 39. Ke3 Bc6 40. Bxc6 bxc6 41. c5 Rg4 42. Nc4 Rxc4 43. bxc4 Kg7 44. g4 Kg6 45. Nc1 Rf1 46. Nb3 a4 47. Na5 Rf6 48. h4 Re6 49. Ke4 Kf6 50. Nb7 Re8 51. Na5 Rc8 52. g5+ hxg5 53. hxg5+ Ke6 54. g6 Rc7 55. g7 Rxg7 56. Nxc6 Rg4+ 57. Kd3 Rg2 58. Nb4 Rb2 59. Kc3 a3 60. c6 Kd6 61. Nc2 Rxa2 62. Kb3 Rxc2 63. Kxc2 e4 0-1

[Event "CYCC U18"]
[Site "Ottawa CAN"]
[Date "2013.07.12"]
[Round "5"]
[White "Semianiuk, Konstantin"]
[Black "Sohal, Tanraj"]
[Result "1-0"]
[WhiteElo "2304"]
[BlackElo "2263"]
[PlyCount "117"]
[GameId "2160767909343217"]
[EventDate "2013.07.10"]
[EventType "swiss"]
[EventRounds "6"]
[EventCountry "CAN"]
[SourceTitle "EXT 2022"]
[Source "ChessBase"]
[SourceDate "2021.10.06"]
[SourceVersion "1"]
[SourceVersionDate "2021.10.06"]
[SourceQuality "1"]

1. e4 c5 2. Nf3 e6 3. b3 Nc6 4. Bb2 a6 5. d4 cxd4 6. Nxd4 d5 7. exd5 Qxd5 8. Nxc6 Qxc6 9. c4 Nf6 10. Nc3 Bc5 11. Qc2 Ng4 12. Ne4 Bb4+ 13. Nc3 Bc5 14. Ne4 Bb4+ 15. Bc3 Qxe4+ 16. Qxe4 Bxc3+ 17. Ke2 Bxa1 18. Qxg4 O-O 19. g3 e5 20. Qe4 Bd4 21. Bg2 a5 22. Rd1 a4 23. b4 Be6 24. Rxd4 exd4 25. Qxd4 Rfd8 26. Qc3 Rac8 27. c5 b5 28. Be4 Bc4+ 29. Ke3 Re8 30. Kf4 Bxa2 31. Bd3 Bd5 32. Bxb5 Re4+ 33. Kf5 Rb8 34. f3 Re7 35. Bxa4 Ra7 36. Bc2 Rab7 37. Ke5 Be6 38. Qd3 Rxb4 39. Qxh7+ Kf8 40. Qh8+ Ke7 41. Qxg7 Rc4 42. Qg5+ Kd7 43. Qd2+ Kc8 44. Be4 Rxc5+ 45. Kf4 Kc7 46. Qd4 Rbb5 47. g4 Ra5 48. Qf6 Kd7 49. h4 Rc4 50. h5 Ra2 51. h6 Rh2 52. Kg3 Rh1 53. Kg2 Rcc1 54. Qd4+ Ke7 55. h7 Rh6 56. Qb4+ Kd7 57. Qb5+ Kc7 58. Qa5+ Kd7 59. Qd2+ 1-0

[Event "CYCC U18"]
[Site "Ottawa CAN"]
[Date "2013.07.12"]
[Round "6"]
[White "Florea, Alexandru"]
[Black "Nasir, Pi"]
[Result "1-0"]
[WhiteElo "2117"]
[BlackElo "1972"]
[PlyCount "105"]
[GameId "2160767909343218"]
[EventDate "2013.07.10"]
[EventType "swiss"]
[EventRounds "6"]
[EventCountry "CAN"]
[SourceTitle "hb 2013"]

1. Nf3 Nf6 2. b3 g6 3. Bb2 Bg7 4. g3 O-O 5. Bg2 d5 6. O-O c5 7. d3 Nc6 8. Nbd2 Bg4 9. Ne5 Nxe5 10. Bxe5 Bd7 11. c4 Bc6 12. Rc1 b6 13. Qc2 Rc8 14. Nf3 Qd7 15. Bb2 Qd8 16. Ne5 Ba8 17. Nf3 Ne8 18. cxd5 Bxd5 19. Rfd1 Rc7 20. Bxg7 Nxg7 21. d4 Qa8 22. Qb2 Rfc8 23. dxc5 bxc5 24. Qe5 e6 25. Qf4 a5 26. Ne1 Bxg2 27. Nxg2 Qb7 28. Ne3 Ne8 29. Ng4 h5 30. Ne5 Kg7 31. Rd3 Re7 32. Nc4 Qc7 33. Qd2 Ra8 34. a4 Kh7 35. Rd1 Nf6 36. Qg5 Nd5 37. e4 Nb4 38. Rd6 Ra6 39. e5 Ra8 40. Nb6 Ra7 41. Qf6 Nc6 42. Nd7 Rxd7 43. Rxd7 Qxd7 44. Rxd7 Rxd7 45. Qf3 Nxe5 46. Qc3 Nd3 47. Qxa5 Nc1 48. Qxc5 Nxb3 49. Qb5 Rd1+ 50. Kg2 Nd4 51. Qd7 Kg7 52. a5 e5 53. a6 1-0

[Event "CYCC U18"]
[Site "Ottawa CAN"]
[Date "2013.07.12"]
[Round "6"]
[White "Gagne, Zacharie"]
[Black "Marinkovic, Mate"]
[Result "0-1"]
[WhiteElo "1185"]
[BlackElo "2231"]
[PlyCount "78"]
[GameId "2160767909343219"]
[EventDate "2013.07.10"]
[EventType "swiss"]
[EventRounds "6"]
[EventCountry "CAN"]
[SourceTitle "hb 2013"]

1. e4 c5 2. Bc4 e6 3. Nc3 Nc6 4. Nf3 a6 5. a3 b5 6. Ba2 d6 7. d3 Nf6 8. O-O Be7 9. Be3 Bb7 10. Rb1 Qc7 11. Qd2 O-O 12. Rfe1 Rac8 13. Bf4 Nd4 14. Nxd4 cxd4 15. Ne2 e5 16. Bg3 Qxc2 17. Qxc2 Rxc2 18. Bb3 Rc5 19. Rbc1 Nd7 20. Ba2 g5 21. b4 Rcc8 22. h3 Kg7 23. Bh2 Rxc1 24. Rxc1 Rc8 25. Re1 Nb6 26. Ng3 Rc3 27. Nf5+ Kf8 28. Bb1 Bc8 29. g4 Bxf5 30. gxf5 Na4 31. Kg2 Rxa3 32. Rd1 Nc3 33. Rg1 Rb3 34. Bc2 Rb2 35. Bd1 Rxb4 36. Bg4 Rb1 37. h4 a5 38. Kh3 Rxg1 39. Bxg1 a4 0-1

[Event "CYCC U18"]
[Site "Ottawa CAN"]
[Date "2013.07.12"]
[Round "6"]
[White "Inigo, Aquino"]
[Black "Semianiuk, Konstantin"]
[Result "1/2-1/2"]
[WhiteElo "2211"]
[BlackElo "2304"]
[PlyCount "33"]
[GameId "2160767909343220"]
[EventDate "2013.07.10"]
[EventType "swiss"]
[EventRounds "6"]
[EventCountry "CAN"]
[SourceTitle "hb 2013"]

1. d4 d5 2. c4 c6 3. Nf3 Nf6 4. Nc3 e6 5. Bg5 Nbd7 6. e3 Qa5 7. Nd2 Bb4 8. Qc2 Ne4 9. Ndxe4 dxe4 10. Bh4 e5 11. Be2 O-O 12. O-O Bxc3 13. bxc3 f5 14. Rfd1 Nf6 15. Bg3 Nd7 16. Bh4 Nf6 17. Bg3 1/2-1/2

[Event "CYCC U18"]
[Site "Ottawa CAN"]
[Date "2013.07.12"]
[Round "6"]
[White "Sohal, Tanraj"]
[Black "Den Bok, Daniel"]
[Result "1-0"]
[WhiteElo "2263"]
[BlackElo "1493"]
[PlyCount "105"]
[GameId "2160767909343222"]
[EventDate "2013.07.10"]
[EventType "swiss"]
[EventRounds "6"]
[EventCountry "CAN"]
[SourceTitle "EXT 2022"]
[Source "ChessBase"]
[SourceDate "2021.10.06"]
[SourceVersion "1"]
[SourceVersionDate "2021.10.06"]
[SourceQuality "1"]

1. d4 Nf6 2. c4 g6 3. Nc3 Bg7 4. e4 d6 5. Nf3 O-O 6. Be2 Nbd7 7. O-O c5 8. d5 Nb6 9. h3 Re8 10. Bf4 Nh5 11. Bh2 Qc7 12. Rc1 a6 13. Qd2 Nf6 14. Rfe1 Rd8 15. Bd3 e6 16. Qc2 e5 17. a3 a5 18. Nd2 Bd7 19. Ndb1 Rf8 20. a4 Ne8 21. Na3 f5 22. exf5 Bxf5 23. b3 Bd7 24. Ne4 Nf6 25. Nb1 Bf5 26. Ng5 Bh6 27. Bxf5 Bxg5 28. Be6+ Kh8 29. Rcd1 Nbd7 30. Nc3 Rfe8 31. Nb5 Qb8 32. Qc3 Bh6 33. f4 Bg7 34. fxe5 Nxe5 35. Rxe5 dxe5 36. Bxe5 Nh5 37. Bxb8 Bxc3 38. Bd6 Bd4+ 39. Nxd4 cxd4 40. Rxd4 Ng7 41. Be5 h6 42. c5 Kh7 43. Bxg7 Kxg7 44. b4 axb4 45. Rxb4 Re7 46. Bg4 Ra5 47. d6 Re8 48. Rxb7+ Kf6 49. d7 Rd8 50. c6 Raa8 51. c7 h5 52. c8=Q hxg4 53. Qc6+ 1-0

[Event "CYCC U18"]
[Site "Ottawa CAN"]
[Date "2013.07.12"]
[Round "6"]
[White "Zhang, Zhiyuan"]
[Black "Luo, Zhao Yang"]
[Result "0-1"]
[WhiteElo "1983"]
[BlackElo "1943"]
[PlyCount "126"]
[GameId "2160767909343223"]
[EventDate "2013.07.10"]
[EventType "swiss"]
[EventRounds "6"]
[EventCountry "CAN"]
[SourceTitle "hb 2013"]

1. e4 c6 2. d4 d5 3. e5 c5 4. c3 Nc6 5. Be3 Bf5 6. Bd3 Bxd3 7. Qxd3 e6 8. f4 cxd4 9. Bxd4 Nh6 10. Nf3 Nf5 11. Nbd2 h5 12. g3 Be7 13. Bf2 Qc7 14. Nb3 O-O-O 15. Nfd4 Nfxd4 16. Nxd4 Nxd4 17. Bxd4 Bc5 18. O-O-O Bxd4 19. Qxd4 Qa5 20. Kb1 Kb8 21. c4 b6 22. h3 Qa6 23. b3 Qb7 24. Kb2 dxc4 25. Qxd8+ Rxd8 26. Rxd8+ Kc7 27. Rhd1 Qg2+ 28. R1d2 Qxg3 29. bxc4 Qxf4 30. R8d7+ Kc8 31. Rd8+ Kb7 32. R8d7+ Ka6 33. R2d3 Qxe5+ 34. Kb1 Qe1+ 35. Kc2 Qb4 36. Rxf7 Qxc4+ 37. Kd2 Qxa2+ 38. Ke3 Qg2 39. Ra3+ Kb5 40. Raxa7 Qxh3+ 41. Kf4 Qh4+ 42. Ke5 Qe1+ 43. Kd6 g5 44. Rae7 h4 45. Rf5+ Kc4 46. Rxe6 Qg3+ 47. Kc6 h3 48. Kxb6 h2 49. Rc6+ Kd4 50. Rf1 g4 51. Rd1+ Ke4 52. Rc4+ Kf3 53. Rc3+ Kg2 54. Rc2+ Kh3 55. Rd5 h1=Q 56. Rh5+ Qh4 57. Rc3+ g3 58. Rxh4+ Kxh4 59. Rc8 g2 60. Rh8+ Kg5 61. Rg8+ Kf6 62. Rf8+ Kg7 63. Rc8 g1=Q+ 0-1

[Event "CYCC U18"]
[Site "Ottawa CAN"]
[Date "2013.07.31"]
[Round "6"]
[White "Zhang, David"]
[Black "Itkin, David"]
[Result "1-0"]
[Annotator "John"]
[WhiteElo "2280"]
[BlackElo "2151"]
[PlyCount "107"]
[GameId "2160767909343224"]
[EventDate "2013.07.10"]
[EventType "swiss"]
[EventRounds "6"]
[EventCountry "CAN"]

1. e4 d5 2. exd5 Nf6 3. Nc3 Nxd5 4. Bc4 Nb6 5. Bb3 g6 6. Qf3 e6 7. d3 Bg7 8. Nh3 O-O 9. Bg5 Qd4 10. Be3 Qb4 11. O-O Nc6 12. a3 Qe7 13. Bg5 Qc5 14. Be3 Nd4 15. Qe4 Qf5 16. Bxd4 Qxe4 17. Nxe4 Bxd4 18. c3 Bg7 19. Rae1 Nd5 20. Nhg5 b6 21. Bc4 Bb7 22. h4 Rad8 23. d4 h6 24. Nf3 Rfe8 25. Bb5 Re7 26. h5 g5 27. Ng3 Nf4 28. Nf5 Bf8 29. Nxe7+ Bxe7 30. Rd1 g4 31. Ne5 Bxg2 32. Rfe1 Bh4 33. Rd2 Bb7 34. Bc6 Bxc6 35. Nxc6 Rd5 36. Re5 Nxh5 37. Nxa7 Nf4 38. a4 Bg5 39. Rd1 h5 40. Nc6 Kg7 41. c4 Rxe5 42. dxe5 Nh3+ 43. Kf1 h4 44. b4 Nf4 45. a5 bxa5 46. bxa5 h3 47. Kg1 Ne2+ 48. Kh1 Bh4 49. Nd4 Nc3 50. Rg1 f5 51. exf6+ Kxf6 52. Rxg4 Bxf2 53. a6 Na4 54. c5 1-0

[Event "Calgary"]
[Site "Calgary CAN"]
[Date "2013.01.15"]
[Round "1"]
[White "Bentley, Bill"]
[Black "Gold, Itohan"]
[Result "1/2-1/2"]
[WhiteElo "1849"]
[BlackElo "2010"]
[PlyCount "59"]
[GameId "2160767909382026"]
[EventDate "2013.01.15"]
[EventType "swiss"]
[EventRounds "7"]
[EventCountry "CAN"]
[SourceTitle "EXT 2022"]
[Source "ChessBase"]
[SourceDate "2021.10.06"]
[SourceVersion "1"]
[SourceVersionDate "2021.10.06"]
[SourceQuality "1"]

1. d4 Nf6 2. c4 g6 3. Nc3 d5 4. Nf3 Bg7 5. e3 O-O 6. Qb3 c6 7. Be2 dxc4 8. Bxc4 b5 9. Be2 Be6 10. Qc2 Qb6 11. O-O a6 12. Rd1 Rd8 13. e4 Bg4 14. Be3 Qb7 15. Rac1 Nbd7 16. h3 Bxf3 17. Bxf3 Rac8 18. e5 Nd5 19. Nxd5 cxd5 20. Qd2 Nb6 21. b3 e6 22. Bh6 Bxh6 23. Qxh6 b4 24. Qd2 a5 25. Be2 Rd7 26. Rxc8+ Qxc8 27. Rc1 Rc7 28. Rxc7 Qxc7 29. Bd3 Nc8 30. Kf1 1/2-1/2

[Event "Calgary"]
[Site "Calgary CAN"]
[Date "2013.01.15"]
[Round "1"]
[White "Miller, Brian"]
[Black "Karmali, Hafiz"]
[Result "1-0"]
[WhiteElo "1839"]
[BlackElo "1932"]
[PlyCount "71"]
[GameId "2160767909382027"]
[EventDate "2013.01.15"]
[EventType "swiss"]
[EventRounds "7"]
[EventCountry "CAN"]
[SourceTitle "EXT 2022"]
[Source "ChessBase"]
[SourceDate "2021.10.06"]
[SourceVersion "1"]
[SourceVersionDate "2021.10.06"]
[SourceQuality "1"]

1. d4 f5 2. c4 Nf6 3. Nc3 e6 4. Nf3 b6 5. Bg5 Bb7 6. e3 Be7 7. Be2 O-O 8. O-O d6 9. Qb3 Kh8 10. Rfd1 Nbd7 11. Rac1 Ne4 12. Bxe7 Qxe7 13. Nxe4 fxe4 14. Nd2 e5 15. d5 Nc5 16. Qc2 Qf6 17. Rf1 Qg6 18. b4 Nd3 19. Rb1 a5 20. a3 axb4 21. axb4 c5 22. bxc5 dxc5 23. Bxd3 exd3 24. Qb2 Rf6 25. Qxe5 Bc8 26. Qg3 Qf7 27. e4 Ra3 28. Rb3 Ra2 29. Rxd3 Qa7 30. Qe5 Rf8 31. Nf3 Bg4 32. h3 Bd7 33. Ng5 b5 34. Ne6 Rf7 35. Rf3 Bxe6 36. Qxe6 1-0

[Event "Calgary"]
[Site "Calgary CAN"]
[Date "2013.01.15"]
[Round "1"]
[White "Ng, Gary"]
[Black "Daniluk, Jim"]
[Result "1-0"]
[WhiteElo "2227"]
[BlackElo "2085"]
[PlyCount "119"]
[GameId "2160767909382028"]
[EventDate "2013.01.15"]
[EventType "swiss"]
[EventRounds "7"]
[EventCountry "CAN"]
[SourceTitle "EXT 2022"]
[Source "ChessBase"]
[SourceDate "2021.10.06"]
[SourceVersion "1"]
[SourceVersionDate "2021.10.06"]
[SourceQuality "1"]

1. b4 Nf6 2. Bb2 e6 3. a3 d5 4. e3 c5 5. bxc5 Bxc5 6. d4 Be7 7. Nd2 O-O 8. Bd3 b6 9. Ngf3 Bb7 10. O-O Nbd7 11. c4 Rc8 12. Qe2 Qc7 13. a4 Ne4 14. Rfc1 Qb8 15. a5 Bf6 16. axb6 axb6 17. cxd5 Rxc1+ 18. Rxc1 exd5 19. Bb5 Rc8 20. Nxe4 Rxc1+ 21. Bxc1 dxe4 22. Nd2 Qc7 23. Qc4 Qd6 24. Qc2 Qd5 25. Bxd7 Qxd7 26. Nxe4 Be7 27. Nd2 b5 28. Bb2 Bd6 29. e4 Bf4 30. Nf1 Qc6 31. Qxc6 Bxc6 32. d5 Bb7 33. Ba3 f5 34. f3 Be5 35. Bb4 Bd4+ 36. Kh1 Kf7 37. g3 g5 38. Kg2 g4 39. Nd2 Be3 40. Nb3 gxf3+ 41. Kxf3 Bg1 42. h3 Bh2 43. Kg2 Bxg3 44. Kxg3 fxe4 45. d6 Bc6 46. Kf4 Kg6 47. Nd4 Bd7 48. h4 e3 49. Kxe3 Kh5 50. Nf3 Bc6 51. Ne5 Be8 52. Be1 b4 53. d7 Bxd7 54. Nxd7 h6 55. Nc5 Kg4 56. Nb3 h5 57. Ke4 Kh3 58. Kf4 Kg2 59. Kg5 Kf1 60. Bxb4 1-0

[Event "Calgary"]
[Site "Calgary CAN"]
[Date "2013.01.17"]
[Round "1"]
[White "Rekhson, Vladislav"]
[Black "Abdelrhman, Hamid"]
[Result "1/2-1/2"]
[WhiteElo "2189"]
[BlackElo "1961"]
[PlyCount "88"]
[GameId "2160767909382029"]
[EventDate "2013.01.15"]
[EventType "swiss"]
[EventRounds "7"]
[EventCountry "CAN"]
[SourceTitle "EXT 2022"]
[Source "ChessBase"]
[SourceDate "2021.10.06"]
[SourceVersion "1"]
[SourceVersionDate "2021.10.06"]
[SourceQuality "1"]

1. e4 d6 2. d4 Nf6 3. Nc3 g6 4. Be3 Bg7 5. Qd2 Ng4 6. Bg5 h6 7. Bh4 g5 8. Bg3 Na6 9. h4 e5 10. d5 f5 11. exf5 Bxf5 12. f3 Nf6 13. hxg5 Ng8 14. Bh4 Nb4 15. Ne4 Bxe4 16. fxe4 Nxc2+ 17. Qxc2 hxg5 18. Bb5+ Kf8 19. Qf2+ Qf6 20. Nf3 gxh4 21. Rc1 a6 22. Bd7 Bh6 23. Rxc7 Bf4 24. Nxh4 Rh6 25. Rxb7 Qg5 26. Rh3 Nf6 27. g3 Bxg3 28. Qxg3 Qxg3+ 29. Rxg3 Rxh4 30. Be6 Rh1+ 31. Ke2 Rh2+ 32. Ke3 Rh6 33. Rf7+ Ke8 34. Rf3 Nh7 35. Rg7 Nf6 36. Rfg3 Rd8 37. b4 Rh4 38. Rf7 Rxe4+ 39. Kd3 Rd4+ 40. Kc2 Rd2+ 41. Kc1 Rf2 42. Rgg7 Rb8 43. Bd7+ Nxd7 44. Rxd7 Rxb4 1/2-1/2

[Event "Calgary"]
[Site "Calgary CAN"]
[Date "2013.01.22"]
[Round "2"]
[White "Abdelrhman, Hamid"]
[Black "Miller, Brian"]
[Result "1-0"]
[WhiteElo "1961"]
[BlackElo "1839"]
[PlyCount "27"]
[GameId "2160767909382030"]
[EventDate "2013.01.15"]
[EventType "swiss"]
[EventRounds "7"]
[EventCountry "CAN"]
[SourceTitle "EXT 2022"]
[Source "ChessBase"]
[SourceDate "2021.10.06"]
[SourceVersion "1"]
[SourceVersionDate "2021.10.06"]
[SourceQuality "1"]

1. d4 d5 2. c4 e6 3. Nc3 Be7 4. Nf3 Nf6 5. Bg5 O-O 6. e3 b6 7. cxd5 Nxd5 8. Nxd5 Bxg5 9. Nxc7 Bxe3 10. Nxa8 Bxf2+ 11. Kxf2 Bb7 12. Nxb6 Qxb6 13. Qb3 Qc6 14. Bb5 1-0

[Event "Calgary"]
[Site "Calgary CAN"]
[Date "2013.01.22"]
[Round "2"]
[White "Daniluk, Jim"]
[Black "Gold, Itohan"]
[Result "0-1"]
[WhiteElo "2088"]
[BlackElo "2010"]
[PlyCount "80"]
[GameId "2160767909382031"]
[EventDate "2013.01.15"]
[EventType "swiss"]
[EventRounds "7"]
[EventCountry "CAN"]
[SourceTitle "EXT 2022"]
[Source "ChessBase"]
[SourceDate "2021.10.06"]
[SourceVersion "1"]
[SourceVersionDate "2021.10.06"]
[SourceQuality "1"]

1. d4 Nf6 2. c4 g6 3. Nc3 d5 4. cxd5 Nxd5 5. Na4 Bg7 6. e4 Nf6 7. f3 O-O 8. Be3 Nbd7 9. Rc1 c6 10. Qd2 e5 11. Rd1 exd4 12. Bxd4 Re8 13. Ne2 Qe7 14. b3 b5 15. Nb2 Qa3 16. Nd3 c5 17. Qb2 Qa5+ 18. b4 cxb4 19. Nxb4 Bb7 20. Nc3 Bxe4 21. fxe4 Nxe4 22. Nxe4 Rxe4+ 23. Be2 Rae8 24. Rd2 Bxd4 25. Rxd4 Rxe2+ 26. Qxe2 Rxe2+ 27. Kxe2 Qc7 28. Rhd1 Nf6 29. g3 a5 30. Nd3 Qc6 31. Rf1 Qe6+ 32. Kd1 Qxa2 33. Rdf4 Nd5 34. R1f2 Qb1+ 35. Kd2 Nxf4 36. gxf4 Qa2+ 37. Ke3 Qe6+ 38. Kd2 a4 39. Re2 Qh3 40. Nc5 b4 0-1

[Event "Calgary"]
[Site "Calgary CAN"]
[Date "2013.01.22"]
[Round "2"]
[White "Karmali, Hafiz"]
[Black "Bentley, Bill"]
[Result "1-0"]
[WhiteElo "1936"]
[BlackElo "1849"]
[PlyCount "74"]
[GameId "2160767909382032"]
[EventDate "2013.01.15"]
[EventType "swiss"]
[EventRounds "7"]
[EventCountry "CAN"]
[SourceTitle "EXT 2022"]
[Source "ChessBase"]
[SourceDate "2021.10.06"]
[SourceVersion "1"]
[SourceVersionDate "2021.10.06"]
[SourceQuality "1"]

1. f4 d5 2. Nf3 Nf6 3. e3 g6 4. b3 Bg7 5. Bb2 O-O 6. Be2 c5 7. O-O b6 8. d3 Bb7 9. Nbd2 Nbd7 10. h3 Qc7 11. Ne5 Ne8 12. Ndf3 f6 13. Nxd7 Qxd7 14. Qe1 Nd6 15. Rd1 Rae8 16. c4 e5 17. cxd5 e4 18. dxe4 Nxe4 19. Nd2 Qe7 20. Bc4 Kh8 21. Nxe4 Qxe4 22. Rf3 Rd8 23. Qd2 b5 24. Bxb5 Rxd5 25. Bd3 Qe7 26. e4 Rd6 27. Re3 Rfd8 28. e5 fxe5 29. Bxe5 Bxe5 30. fxe5 R6d7 31. Qe2 Ba6 32. Bxa6 Rxd1+ 33. Kh2 R8d5 34. Qc4 R1d4 35. Qb5 Rb4 36. Qc6 Rd8 37. Qa8 Kg7 1-0